Integer programming theory, applications, and computations

Na minha lista:
Detalhes bibliográficos
Autor principal: Taha, Hamdy A.
Formato: Livro
Idioma:inglês
Publicado em: New York Academic Press 1975
Tags: Adicionar Tag
Sem tags, seja o primeiro a adicionar uma tag!

MARC

LEADER 00000nam a2200000 4500
001 c140331
005 20041019155318.5
041 0 |a eng 
044 |a US 
245 1 0 |a Integer programming  |b theory, applications, and computations  |c Hamdy A. Taha 
264 1 |a New York  |b Academic Press  |c 1975 
300 |a 380 s. 
100 1 |a Taha, Hamdy A.